[Event "Hasselbacken Open 2019"]
[Site "Stockholm"]
[Date "2019.11.02"]
[Round "6.10"]
[White "Sjodahl, Pontus"]
[Black "Eriksson, Kristian"]
[Result "1-0"]
[WhiteElo "2441"]
[BlackElo "2112"]
[Annotator "TA"]
[PlyCount "85"]
[EventDate "2019.11.01"]
[EventCountry "SWE"]
[SourceTitle "playchess.com"]
[Source "ChessBase"]
[SourceQuality "1"]

{[%evp 10,85,20,14,19,15,17,9,50,29,20,6,75,68,79,73,97,87,89,75,92,81,89,85,96,63,104,100,108,112,106,113,199,195,202,192,195,202,210,135,164,122,189,190,193,138,183,117,207,190,225,216,227,186,190,178,252,145,235,121,317,316,400,384,384,268,266,272,266,267,266,275,320,322,345,272,284,228]} 1. d4 Nf6 2. c4 e6 3. g3 Bb4+ 4. Bd2 Qe7 5. Bg2 O-O 6. Nc3 d5 {E00: Catalan Bogo-Indian (3 g3 Bb4+)} (6... d6 7. e3 e5 8. Nge2 exd4 9. Nxd4 Bxc3 10. Bxc3 Ne4 11. Qc2 Re8 12. O-O Nc6 13. b3 Bd7 14. Bb2 f5 {½-½ (30) Iturrizaga Bonelli,E (2663)-Cori Tello,J (2618) Medellin 2017}) 7. a3 Bxc3 $1 8. Bxc3 {And now Bb4 would win.} Nc6 {The position is equal.} 9. Qb3 $146 ({Predecessor:} 9. Nf3 Ne4 10. Qd3 Bd7 11. O-O Nxc3 12. Qxc3 a5 13. b3 Rfd8 14. Rfe1 Be8 15. e4 dxe4 16. Rxe4 f5 17. Re3 Qf6 18. Rae1 Bf7 19. Rd3 Rd7 20. Ne5 Nxe5 21. Rxe5 {1-0 (46) Lagno,K (2483)-Peptan,C (2387) Ohrid 2009}) 9... a5 10. Nf3 dxc4 (10... Rd8 $11) 11. Qxc4 $16 Bd7 12. O-O Ne4 13. Rac1 Rfc8 14. Rfd1 Nxc3 15. Rxc3 a4 16. Qd3 Na5 17. Ne5 Be8 18. Qc2 f6 19. Nd3 c6 20. Qxa4 b5 (20... c5 $16 21. Qc2 c4) 21. Qc2 $18 Nc4 22. Qc1 Ra7 23. Nb4 Rac7 24. Nc2 Bh5 25. Re1 Bf7 (25... c5 $16 {was called for.}) 26. Nb4 Be8 27. Be4 ({Better is} 27. b3 $18) 27... h6 28. Bd3 (28. e3 $18) 28... Nd6 (28... c5 $16) 29. Qe3 e5 {intending ...exd4.} 30. dxe5 fxe5 31. Na6 Ra7 32. Nc5 Bf7 (32... Rca8 $142 33. Qf3 Rd8) 33. Rec1 ({White must play} 33. Ne4 $1 $18 {[%cal Re4d6] Hoping for Nxd6.} Rd7 34. Nxd6 Rxd6 35. Bxb5 $1 {[%mdl 512]}) 33... Bd5 {[#]} (33... Raa8 $16 {was necessary.} 34. f4 Nc4 35. Bxc4 bxc4 36. fxe5 (36. Qxe5 Qa7 $16) 36... Bd5) 34. f3 (34. Ne4 $1 $18 {[%cal Re4d6] Nxd6 is the strong threat.} Rd8 35. Nxd6 Rxd6 36. Be4) 34... Bc4 $2 (34... Raa8 $16 35. Ne4 Nf5) 35. Ne4 Bxd3 36. Nxd6 (36. Qxd3 Nc4 $16) (36. exd3 Nf5 $14) 36... Qxd6 37. Rxd3 Qe7 {White has a decisive advantage.} 38. Rdc3 {[%cal Bd3c3,Bc3c5,Bc5e5][%mdl 32]} Rac7 39. Rc5 e4 40. f4 ({Much less strong is} 40. fxe4 $6 Qe6 $18) ({Resist} 40. Qxe4 Qxe4 41. fxe4 Rd8 $18) 40... Qe6 41. Re5 Qa2 42. Qd2 ({Weaker is} 42. Qxe4 Qxb2 43. Qe3 c5 $18) 42... c5 43. Qd5+ {Accuracy: White = 62%, Black = 39%.} 1-0

[Event "Hasselbacken Open 2019"]
[Site "Stockholm"]
[Date "2019.11.03"]
[Round "7.1"]
[White "Akesson, Ralf"]
[Black "Peng, Li Min"]
[Result "1/2-1/2"]
[WhiteElo "2370"]
[BlackElo "2454"]
[Annotator "TA"]
[PlyCount "31"]
[EventDate "2019.11.01"]
[EventCountry "SWE"]
[SourceTitle "playchess.com"]
[Source "ChessBase"]
[SourceQuality "1"]

{[%evp 12,31,19,23,60,27,20,16,27,18,18,14,12,0,18,0,0,0,0,0,0,0]} 1. Nf3 d5 2. d4 Nf6 3. c4 dxc4 4. e3 e6 5. Bxc4 c5 6. O-O a6 7. b3 b6 {D27: Queen's Gambit Accepted: Classical main line: 7 e4!? and 7 a4} (7... cxd4 8. Nxd4 Be7 9. Bb2 O-O 10. Nd2 b5 11. Be2 Bb7 12. a4 Nc6 13. Bf3 Nd5 14. axb5 Nxd4 15. Bxd4 axb5 16. Ne4 b4 17. Qd2 {½-½ (38) So,W (2763)-Mamedyarov,S (2765) Riga 2019}) 8. Bb2 Bb7 9. dxc5 Bxc5 10. Qxd8+ Kxd8 {The position is equal.} 11. Ne5 Ke7 12. Nd2 {[%cal Bb1d2,Bd2f3,Bf3e5,Be5d7][%mdl 32]} Nbd7 $146 ({Predecessor:} 12... Nc6 13. Be2 Nxe5 14. Bxe5 Nd7 15. Bf3 Bxf3 16. Nxf3 Nxe5 17. Nxe5 {½-½ (49) Juhasz,K (2214)-Stukopin,A (2363) Vung Tau 2008}) 13. Ndf3 Nxe5 14. Nxe5 Rhd8 15. Rfd1 Nd7 16. Nxd7 1/2-1/2

[Event "Hasselbacken Open 2019"]
[Site "Stockholm"]
[Date "2019.11.03"]
[Round "7.2"]
[White "Mirzoev, Emil"]
[Black "Bogdanov, Egor"]
[Result "0-1"]
[WhiteElo "2455"]
[BlackElo "2409"]
[Annotator "TA"]
[PlyCount "64"]
[EventDate "2019.11.01"]
[EventCountry "SWE"]
[SourceTitle "playchess.com"]
[Source "ChessBase"]
[SourceQuality "1"]

{[%evp 19,88,-4,8,0,12,-36,0,-17,16,-25,9,-15,0,0,0,-5,0,-36,-13,-19,0,-136,-60,-55,0,0,0,0,0,-47,-61,-73,-68,-100,-12,-108,-116,-171,-165,-138,-94,-171,-182,-210,-258,-457,-454,-443,-454,-447,-438,-431,-418,-511,-508,-490,-410,-519,-519,-506,-506,-494,-404,-404,-397,-400,-392,-404,-404,-404,-404]} 1. e4 c5 2. Nf3 d6 3. d4 cxd4 4. Nxd4 Nf6 5. Nc3 g6 6. Be2 Bg7 7. O-O O-O 8. Re1 Nc6 9. Nb3 Be6 10. Bf1 Rc8 11. Bg5 {B70: Sicilian Dragon: 6 g3 and 6 Be2 (without a later Be3)} Ne5 (11... h6 12. Bf4 d5 13. exd5 Nxd5 14. Nxd5 Bxd5 15. c3 e5 16. Be3 b6 17. Qc1 Qh4 18. f3 Rfd8 {0-1 (52) Andriasian,Z (2585)-Nakamura,H (2781) chess.com INT 2018}) 12. Nd4 Bd7 $146 ({Predecessor:} 12... Qb6 13. Na4 Qa5 14. Nxe6 fxe6 15. Nc3 Qb6 16. Rb1 Nfg4 17. Be3 Nxe3 18. Rxe3 Rxf2 19. Kxf2 {0-1 (48) Boehm,K (1763)-Dias,S (1602) Mamaia 2017}) 13. Nb3 {The position is equal.} Be6 14. Nd4 Bd7 15. Nb3 Nc4 16. Bxc4 Rxc4 17. Qd3 Qc8 18. Bd2 b5 19. a3 Ng4 20. f4 (20. Nd5 $11 Qd8 21. Bc3) 20... Qb7 (20... Qb8 $17 21. Rad1 Be6) 21. Nd5 $1 $15 {Strongly threatening h3.} Be6 (21... Bxb2 $2 22. Rab1 $18) ({Black should play} 21... e6 $15 22. Ne7+ Kh8 23. Qxd6 Bc6) 22. Na5 $11 {[%mdl 64] Double Attack} Qa6 {Threatens to win with ...Bxd5.} 23. Nxc4 bxc4 24. Qf3 Bxd5 $1 25. Qxg4 {[#]} Bxe4 $1 26. Bc3 d5 (26... Qb6+ $17 27. Kh1 d5) 27. Kh1 (27. Qg3 $11) 27... d4 $36 {[%mdl 3072] Black has strong compensation. Black is really pushing.} 28. Bb4 ({Don't blunder} 28. Rxe4 $2 dxc3 29. Qe2 cxb2 $19) (28. Bxd4 $17 {was called for.} Bxd4 29. f5 (29. Rxe4 Bxb2 {[%mdl 64] Double Attack} 30. Ra2 f5 $17 {[%mdl 64] Double Attack})) 28... f5 $19 29. Qe2 Bf6 30. Rad1 (30. Bc5 $17 {was necessary.}) 30... Rc8 31. Qf2 {[#]} Qb6 $1 32. Qd2 $2 (32. Rb1 {keeps fighting.}) 32... a5 {Played: c4-c3} 0-1

[Event "Hasselbacken Open 2019"]
[Site "Stockholm"]
[Date "2019.11.03"]
[Round "7.3"]
[White "Seo, Jung Min"]
[Black "Kononenko, Dmitry"]
[Result "1-0"]
[WhiteElo "2433"]
[BlackElo "2613"]
[Annotator "TA"]
[PlyCount "185"]
[EventDate "2019.11.01"]
[EventCountry "SWE"]
[SourceTitle "playchess.com"]
[Source "ChessBase"]
[SourceQuality "1"]

{[%evp 22,185,36,22,34,22,28,35,39,33,35,23,49,57,55,54,50,46,45,49,69,66,67,64,63,67,65,62,73,54,47,47,63,62,103,18,24,17,17,17,20,21,22,23,23,19,127,0,0,0,0,0,64,62,101,88,64,60,115,109,181,64,46,20,23,22,16,27,56,45,87,87,87,87,87,70,136,95,29959,29960,29959,29959,29962,29963,29962,29962,29970,29970,29969,29970,29970,29971,29971,29972,29972,29973,29973,29974,29974,29975,29978,29979,29979,29977,29977,0,29974,29974,29977,29974,29976,29976,29976,0,29972,0,29971,29972,29974,29975,29975,29976,29976,29975,29975,29972,29972,29973,29979,29974,29972,29973,29970,29971,29971,29970,29978,29979,29980,29979,29979,29978,29978,29979,29979,29980,29982,29982,29982,29983,29983,29984,29984,29984,29984,29981,29981,29982,29983,29984,29987,29988,29989,29990,29990,29991]} 1. c4 c5 2. Nf3 Nc6 3. d4 cxd4 4. Nxd4 Nf6 5. Nc3 g6 6. e4 d6 7. Be2 Bg7 8. Be3 O-O 9. O-O Bd7 10. h3 Nxd4 11. Bxd4 Bc6 12. Qd3 a5 {B38: Sicilian: Maroczy Bind with 5...Bg7 and 7...0-0} (12... a6 13. b3 Rc8 14. Rac1 Qa5 15. Rfd1 Nd7 16. Bxg7 Kxg7 17. Qd4+ Kg8 18. Bg4 Rfd8 19. f4 Rc7 20. Bxd7 Rdxd7 {1-0 (60) Koneru,H (2581)-Ju,W (2568) Beijing 2014}) 13. Rfe1 Nd7 $146 ({Predecessor:} 13... Re8 14. b3 Nd7 15. Bxg7 Kxg7 16. Bg4 Nc5 17. Qg3 e5 18. Rad1 Qe7 19. Re2 Rad8 20. h4 {1-0 (63) Kratochvil,V (2120)-Helmer,J (2113) ICCF email 2013}) 14. Bxg7 Kxg7 {White is slightly better.} 15. Rad1 Qb6 16. Qc2 Rac8 17. Bg4 Rc7 18. Bxd7 Rxd7 19. Nd5 Qc5 20. b3 Rc8 21. a4 f6 22. Qb2 Rf8 23. Nf4 Kf7 $1 24. Qe2 Qe5 25. Qe3 Qg5 26. Qf3 f5 27. Nd5 Kg8 28. e5 (28. exf5 $16 {Threatening Qg4.} Rxf5 29. Qc3) 28... e6 $11 {And now ...dxe5 would win.} 29. Qf4 Qxf4 30. Nxf4 dxe5 31. Rxd7 Bxd7 32. Rxe5 {[%mdl 4096] Endgame KRB-KRN} b6 33. c5 Rb8 (33... bxc5 $11 34. Rxc5 Rb8) 34. cxb6 (34. Nxe6 $16 {cxb6 is the strong threat.} Bxe6 35. Rxe6) 34... Rxb6 35. Rxa5 Rxb3 36. Ra7 Rb4 (36... Rb1+ $11 37. Kh2 Rd1) 37. Nd3 $14 Rb1+ 38. Kh2 Bc6 39. a5 {[%cal Ba4a5,Ba5a6][%mdl 32]} Ra1 (39... Rb7 $14 40. Rxb7 Bxb7) 40. a6 $16 Bd5 {[#]} (40... Bb5 $16 41. Nb4 Ra4) 41. f3 (41. Nc5 $1 $18) 41... Bc4 $14 42. Nc5 {Hoping for Rc7.} Ra5 43. Rc7 Bxa6 44. Nxe6 {aiming for Rg7+.} Re5 45. Ng5 $1 h6 46. Nf7 Re6 47. Nxh6+ Kf8 48. Kg3 Bd3 (48... Bf1 $1 $14) 49. Nf7 Re7 $2 {[%mdl 8192]} (49... Bb5 $16) 50. Rxe7 Kxe7 {KB-KN} 51. Ne5 $1 {[%csl LRd3,LRg6][%mdl 64] Double Attack} Bb1 52. Nxg6+ Kf6 53. Nf4 Kg5 54. h4+ Kf6 55. Kf2 Bc2 56. Ke3 Ke5 57. Nd3+ Kf6 58. Nb4 Bb3 59. Kf4 Bc4 60. Nc2 Bf1 {[#]} 61. Ne3 $1 Bd3 62. Nd5+ Ke6 63. Ne3 Kf6 64. g3 Kg6 65. Nd5 Bc2 66. Ke5 Bd1 67. Kf4 Bc2 $1 68. Ne3 Bd3 69. h5+ {White mates.} Kxh5 70. Nxf5 Kg6 71. g4 Bb1 72. Ne3 Bd3 73. Nd1 Bc2 74. Nf2 Bb1 75. Ne4 Bc2 76. Ke3 Ba4 77. f4 Bd7 78. Nf2 Bc6 79. Kd4 Bf3 80. Ke5 Be2 81. Ke4 Ba6 82. f5+ Kg5 83. Kf3 Bc8 84. Ne4+ Kh6 85. Kf4 Ba6 86. g5+ Kg7 87. g6 Bd3 88. Ng3 Kh6 89. Ke5 Kg7 90. Nh5+ Kh6 91. Nf4 Bc2 92. Kf6 Bb3 93. Ne6 {Accuracy: White = 71%, Black = 44%.} 1-0

[Event "Hasselbacken Open 2019"]
[Site "Stockholm"]
[Date "2019.11.03"]
[Round "7.4"]
[White "Roshka, Yevgeniy"]
[Black "Sorensen, Hampus"]
[Result "1/2-1/2"]
[WhiteElo "2369"]
[BlackElo "2330"]
[Annotator "TA"]
[PlyCount "61"]
[EventDate "2019.11.01"]
[EventCountry "SWE"]
[SourceTitle "playchess.com"]
[Source "ChessBase"]
[SourceQuality "1"]

{[%evp 15,61,11,13,7,26,14,25,24,27,-12,-8,-22,0,0,9,16,12,0,18,0,15,-15,-14,-15,-17,-50,-23,-53,-30,-40,0,-35,-21,-60,-25,-48,-48,-48,-51,-49,-49,-119,-127,-124,0,-79,0,-126]} 1. Nf3 d5 2. g3 Bg4 3. Bg2 Nd7 4. O-O c6 5. d3 Ngf6 6. Qe1 e5 7. e4 dxe4 8. dxe4 Bc5 9. h3 {A07: Réti Opening: New York and Capablanca Systems} Bh5 10. a4 O-O 11. Nbd2 {White has an edge.} Re8 12. Qe2 $146 ({Predecessor:} 12. Nc4 Qc7 13. Bd2 Nb6 14. Ba5 Bxf3 15. Bxf3 Qc8 16. Bxb6 axb6 {0-1 (47) Artemiev,V (2664)-Wang,Y (2726) Sochi 2015}) 12... Qc7 13. Qc4 Bf8 14. Re1 Rad8 15. Nb3 Nb6 {[%cal Bd7b6,Bb6c8,Bc8d6][%mdl 32]} 16. Qc3 Nfd7 17. Be3 Nc8 18. Nfd2 b6 19. Bf1 a5 20. Qc4 Nd6 21. Qa6 Nb7 22. Qc4 Nd6 23. Qd3 f6 24. c3 Bf7 25. Qc2 c5 26. Nb1 Nc4 27. Bc1 Qc6 28. Qe2 (28. N3d2 $15 Nxd2 29. Bxd2) 28... Nd6 $17 29. Qc2 Nc4 30. Qe2 Nd6 31. Qc2 $1 {Accuracy: White = 40%, Black = 45%.} 1/2-1/2

[Event "Hasselbacken Open 2019"]
[Site "Stockholm"]
[Date "2019.11.03"]
[Round "7.5"]
[White "Dudin, Gleb"]
[Black "Pantzar, Milton"]
[Result "1/2-1/2"]
[WhiteElo "2314"]
[BlackElo "2376"]
[Annotator "TA"]
[PlyCount "65"]
[EventDate "2019.11.01"]
[EventCountry "SWE"]
[SourceTitle "playchess.com"]
[Source "ChessBase"]
[SourceQuality "1"]

{[%evp 13,65,14,25,10,27,4,29,23,45,42,95,86,94,99,90,97,116,104,102,93,132,97,112,112,133,64,58,53,48,17,60,63,64,60,65,59,72,70,114,26,27,31,43,18,19,26,55,55,83,0,0,0,0,0]} 1. c4 e6 2. Nc3 d5 3. d4 c6 4. e3 f5 5. Bd3 Nf6 6. Nge2 Bd6 7. f3 O-O 8. O-O {A84: Dutch Defence: 2 c4 Miscellaneous} b6 9. Qc2 Kh8 $146 (9... Ba6 $5 {[%cal Rd5c4]} 10. cxd5 Nxd5 11. Nxd5 Bxd3 12. Qxd3 cxd5 $11) ({Predecessor:} 9... a6 10. Bd2 Qc7 11. h3 c5 12. dxc5 bxc5 13. Na4 Nc6 14. cxd5 Nxd5 15. Bc4 Ne5 {1-0 (32) Schlosser,P (2570)-Sikula,V (2540) Austria 2009}) 10. cxd5 {White has an edge.} cxd5 11. Nb5 Bb7 (11... Ba6 $14) 12. Bd2 Nc6 13. Nxd6 Qxd6 14. Qa4 a5 15. Rfc1 Rfc8 16. Be1 Ne8 17. a3 Qd7 18. Bg3 Kg8 19. Bb5 (19. Rc2 $16) 19... Nd6 $14 20. Bxd6 Qxd6 21. Nf4 Na7 22. Bd7 Bc6 23. Bxc6 Nxc6 24. Rc3 {[#] Hoping for Rac1.} Ne7 25. Rac1 {And now Rxc8+ would win.} Kf8 26. Nd3 (26. Rxc8+ $16 Rxc8 27. Rxc8+ Nxc8 28. Qc2) 26... Rxc3 $11 27. Rxc3 Rc8 $1 28. Rxc8+ Nxc8 29. Qc2 Na7 30. Ne5 Qd8 31. Qc3 (31. Kf2 $16) 31... Qc8 {Black wants to play ...Qxc3.} 32. Qxc8+ Nxc8 33. a4 {Accuracy: White = 53%, Black = 35%.} 1/2-1/2

[Event "Hasselbacken Open 2019"]
[Site "Stockholm"]
[Date "2019.11.03"]
[Round "7.6"]
[White "Ornstein, Axel"]
[Black "Torngren, Gustav"]
[Result "1/2-1/2"]
[WhiteElo "2297"]
[BlackElo "2237"]
[Annotator "ChessBase"]
[PlyCount "35"]
[EventDate "2019.11.01"]
[EventCountry "SWE"]
[SourceTitle "playchess.com"]
[Source "ChessBase"]
[SourceQuality "1"]
[TimeControl "5400+30"]

1. c4 {[%emt 0:01:30]} c5 {[%emt 0:00:00]} 2. g3 {[%emt 0:00:59]} g6 {[%emt 0:00:00]} 3. Bg2 {[%emt 0:00:06]} Nf6 {[%emt 0:00:23]} 4. Nc3 {[%emt 0:00:17]} Bg7 {[%emt 0:00:12]} 5. e3 {[%emt 0:03:04]} O-O {[%emt 0:01:43]} 6. Nge2 {[%emt 0:00:04]} Nc6 {[%emt 0:02:15]} 7. O-O {[%emt 0:06:07]} e6 {[%emt 0:02:02]} 8. d4 {[%emt 0:05:06]} cxd4 {[%emt 0:00:14]} 9. exd4 {[%emt 0:00:19]} d5 {[%emt 0:00:30]} 10. cxd5 {[%emt 0:00:06]} Nxd5 {[%emt 0:00:06]} 11. Nxd5 {[%emt 0:00:04]} exd5 {[%emt 0:00:01]} 12. Be3 {[%emt 0:00:07]} Bg4 {[%emt 0:06:55]} 13. Re1 {[%emt 0:00:08]} Qb6 {[%emt 0:19:52]} 14. Bxd5 {[%emt 0:06:36]} Rad8 {[%emt 0:02:43]} 15. Qb3 {[%emt 0:00:23]} Qxb3 {[%emt 0:21:58]} 16. Bxb3 {[%emt 0:00:19]} Bxe2 {[%emt 0:01:04]} 17. Rxe2 {[%emt 0:00:07]} Nxd4 {[%emt 0:00:07]} 18. Bxd4 1/2-1/2

[Event "Hasselbacken Open 2019"]
[Site "Stockholm"]
[Date "2019.11.03"]
[Round "7.7"]
[White "Crevatin, Leo"]
[Black "Sjodahl, Pontus"]
[Result "1/2-1/2"]
[WhiteElo "2221"]
[BlackElo "2441"]
[Annotator "TA"]
[PlyCount "30"]
[EventDate "2019.11.01"]
[EventCountry "SWE"]
[SourceTitle "playchess.com"]
[Source "ChessBase"]
[SourceQuality "1"]

{[%evp 9,30,19,25,15,36,20,23,16,21,21,13,17,29,30,54,38,68,54,50,49,55,34,33]} 1. d4 Nf6 2. Nf3 d5 3. c4 e6 4. e3 c6 5. b3 Nbd7 (5... c5 6. Bb2 cxd4 7. exd4 dxc4 8. bxc4 Qa5+ 9. Nbd2 Ba3 10. Qc1 Bxb2 11. Qxb2 Nc6 12. Be2 Qb4 13. O-O-O {½-½ (57) Short,N (2698)-Duda,J (2706) Heraklio 2017}) 6. Bb2 {D30: Queen's Gambit Declined: Systems without Nc3} Ne4 7. Bd3 Bb4+ 8. Nbd2 {White has an edge.} f5 9. O-O (9. Qc2 {looks sharper.} O-O 10. a3 Bd6 11. h3 Bc7 12. b4) 9... O-O 10. a3 Be7 11. Qc2 Ndf6 $146 ({Predecessor:} 11... b6 12. cxd5 cxd5 13. Rfc1 {½-½ (25) Ballow,J (2417)-Myakonikikh,D (2359) ICCF email 2016}) 12. Ne5 {White is slightly better.} Bd7 13. f3 Nxd2 14. Qxd2 Be8 15. cxd5 cxd5 1/2-1/2

[Event "Hasselbacken Open 2019"]
[Site "Stockholm"]
[Date "2019.11.03"]
[Round "7.8"]
[White "Papunidi, Matvey"]
[Black "Henriksson, Johan"]
[Result "1-0"]
[WhiteElo "2083"]
[BlackElo "2270"]
[Annotator "ChessBase"]
[PlyCount "117"]
[EventDate "2019.11.01"]
[EventCountry "SWE"]
[SourceTitle "playchess.com"]
[Source "ChessBase"]
[SourceQuality "1"]
[TimeControl "5400+30"]

1. e4 {[%emt 0:00:00]} c6 {[%emt 0:00:00]} 2. d4 {[%emt 0:00:00]} d5 {[%emt 0:00:00]} 3. exd5 {[%emt 0:00:08]} cxd5 {[%emt 0:00:00]} 4. Bd3 {[%emt 0:00:05]} Nc6 {[%emt 0:00:42]} 5. c3 {[%emt 0:01:38]} Nf6 {[%emt 0:01:22]} 6. Bf4 {[%emt 0:00:59]} g6 {[%emt 0:02:45]} 7. Nf3 {[%emt 0:01:40]} Bg7 {[%emt 0:01:33]} 8. O-O {[%emt 0:00:37]} O-O {[%emt 0:05:12]} 9. Nbd2 {[%emt 0:00:09]} Bf5 {[%emt 0:03:47]} 10. Bxf5 {[%emt 0:00:07]} gxf5 {[%emt 0:00:02]} 11. Ne1 {[%emt 0:00:17]} e6 {[%emt 0:01:08]} 12. Nd3 {[%emt 0:00:22]} Ne4 {[%emt 0:01:47]} 13. Re1 {[%emt 0:04:07]} Ne7 {[%emt 0:04:48]} 14. Re3 {[%emt 0:12:13]} Ng6 {[%emt 0:06:13]} 15. Rh3 {[%emt 0:01:11]} Nxf4 {[%emt 0:15:20]} 16. Nxf4 {[%emt 0:00:20]} Qg5 {[%emt 0:02:29]} 17. Nxe4 {[%emt 0:08:46]} Qxf4 {[%emt 0:02:54]} 18. Qh5 {[%emt 0:01:36]} h6 {[%emt 0:01:07]} 19. Rh4 {[%emt 0:00:32]} Qc7 {[%emt 0:05:01]} 20. Nc5 {[%emt 0:01:30]} Qe7 {[%emt 0:07:19]} 21. f4 {[%emt 0:02:38]} Kh7 {[%emt 0:07:55]} 22. Re1 {[%emt 0:01:01]} b6 {[%emt 0:04:06]} 23. Nd3 {[%emt 0:00:37]} Rh8 {[%emt 0:00:43]} 24. Re3 {[%emt 0:09:05]} Kg8 {[%emt 0:03:15]} 25. g4 {[%emt 0:02:46]} Bf6 {[%emt 0:00:56]} 26. Rhh3 {[%emt 0:07:22]} fxg4 {[%emt 0:00:16]} 27. Rhg3 {[%emt 0:02:14]} Kh7 {[%emt 0:04:45]} 28. Nb4 {[%emt 0:03:17]} Qf8 {[%emt 0:06:59]} 29. Nxd5 {[%emt 0:06:14]} Bd8 {[%emt 0:00:05]} 30. Rxg4 {[%emt 0:02:45]} Rg8 {[%emt 0:00:20]} 31. Rxg8 {[%emt 0:00:29]} Qxg8+ {[%emt 0:00:10]} 32. Rg3 {[%emt 0:00:06]} Qf8 {[%emt 0:00:24]} 33. Ne3 {[%emt 0:00:17]} a5 {[%emt 0:02:16]} 34. Ng4 {[%emt 0:01:09]} Ra7 {[%emt 0:00:47]} 35. Rh3 {[%emt 0:00:48]} Qg7 {[%emt 0:01:31]} 36. Kf2 {[%emt 0:01:03]} Qg6 {[%emt 0:00:34]} 37. Qxh6+ {[%emt 0:00:57]} Qxh6 {[%emt 0:00:03]} 38. Rxh6+ {[%emt 0:00:25]} Kg7 {[%emt 0:00:05]} 39. Rh5 {[%emt 0:00:50]} f5 {[%emt 0:00:25]} 40. Ne5 {[%emt 0:00:16]} Bf6 {[%emt 0:00:23]} 41. Rh3 {[%emt 0:00:39]} Bxe5 {[%emt 0:00:55]} 42. dxe5 {[%emt 0:00:19]} b5 {[%emt 0:00:58]} 43. Rd3 {[%emt 0:00:48]} Rc7 {[%emt 0:01:57]} 44. Ke3 {[%emt 0:02:10]} b4 {[%emt 0:01:26]} 45. cxb4 {[%emt 0:01:48]} axb4 {[%emt 0:00:04]} 46. Rd4 {[%emt 0:00:04]} Ra7 {[%emt 0:00:23]} 47. Rxb4 {[%emt 0:00:05]} Rxa2 {[%emt 0:00:03]} 48. Kd4 {[%emt 0:03:28]} Ra5 {[%emt 0:00:41]} 49. Rb7+ {[%emt 0:01:21]} Kf8 {[%emt 0:00:06]} 50. b4 {[%emt 0:00:10]} Ra2 {[%emt 0:00:14]} 51. Rh7 {[%emt 0:00:06]} Rf2 {[%emt 0:02:43]} 52. Rh4 {[%emt 0:00:06]} Ke7 {[%emt 0:00:22]} 53. Kc5 {[%emt 0:00:08]} Kd7 {[%emt 0:01:04]} 54. Kb6 {[%emt 0:00:49]} Rb2 {[%emt 0:01:00]} 55. b5 {[%emt 0:00:21]} Rb4 {[%emt 0:00:09]} 56. Kc5 {[%emt 0:00:27]} Re4 {[%emt 0:00:51]} 57. b6 {[%emt 0:00:30]} Re2 {[%emt 0:00:20]} 58. Rh7+ {[%emt 0:00:10]} Kc8 {[%emt 0:00:26]} 59. Kd6 {[%emt 0:00:11]} 1-0

[Event "Hasselbacken Open 2019"]
[Site "Stockholm"]
[Date "2019.11.03"]
[Round "7.9"]
[White "Vainerchuk, Barys"]
[Black "Namini, Armin"]
[Result "1/2-1/2"]
[WhiteElo "2136"]
[BlackElo "2249"]
[Annotator "ChessBase"]
[PlyCount "89"]
[EventDate "2019.11.01"]
[EventCountry "SWE"]
[SourceTitle "playchess.com"]
[Source "ChessBase"]
[SourceQuality "1"]
[TimeControl "5400+30"]

1. e4 {[%emt 0:00:00]} c5 {[%emt 0:00:39]} 2. Nf3 {[%emt 0:00:00]} d6 {[%emt 0:01:13]} 3. d4 {[%emt 0:00:04]} Nf6 {[%emt 0:00:04]} 4. Nc3 {[%emt 0:00:08]} cxd4 {[%emt 0:00:04]} 5. Nxd4 {[%emt 0:00:06]} Nc6 {[%emt 0:00:53]} 6. Bg5 {[%emt 0:01:07]} Bd7 {[%emt 0:00:29]} 7. Qd2 {[%emt 0:00:34]} Rc8 {[%emt 0:00:36]} 8. O-O-O {[%emt 0:04:42]} Nxd4 {[%emt 0:00:06]} 9. Qxd4 {[%emt 0:00:07]} Qa5 {[%emt 0:00:06]} 10. Qd2 {[%emt 0:06:20]} Ng4 {[%emt 0:00:23]} 11. f4 {[%emt 0:11:10]} h6 {[%emt 0:05:03]} 12. Bh4 {[%emt 0:00:22]} g5 {[%emt 0:00:39]} 13. h3 {[%emt 0:19:14]} gxh4 {[%emt 0:22:16]} 14. hxg4 {[%emt 0:00:06]} Bg7 {[%emt 0:00:06]} 15. e5 {[%emt 0:00:53]} Bxg4 {[%emt 0:00:54]} 16. Bb5+ {[%emt 0:00:34]} Kf8 {[%emt 0:00:17]} 17. Rde1 {[%emt 0:11:10]} h5 {[%emt 0:16:39]} 18. exd6 {[%emt 0:16:52]} Bxc3 {[%emt 0:04:10]} 19. dxe7+ {[%emt 0:00:39]} Kg7 {[%emt 0:00:04]} 20. bxc3 {[%emt 0:00:10]} Qxb5 {[%emt 0:00:32]} 21. Re5 {[%emt 0:01:19]} Qd7 {[%emt 0:12:39]} 22. Rg5+ {[%emt 0:00:16]} Kh6 {[%emt 0:00:47]} 23. Qxd7 {[%emt 0:00:26]} Bxd7 {[%emt 0:00:04]} 24. Rxh4 {[%emt 0:00:04]} Bg4 {[%emt 0:02:47]} 25. Rgxg4 {[%emt 0:00:04]} Rc5 {[%emt 0:07:25]} 26. Rg3 {[%emt 0:02:40]} Re8 {[%emt 0:00:20]} 27. Re3 {[%emt 0:01:03]} Kg6 {[%emt 0:00:12]} 28. Rh1 {[%emt 0:11:41]} Kf6 {[%emt 0:01:22]} 29. Rhe1 {[%emt 0:00:13]} Ra5 {[%emt 0:10:31]} 30. Kb2 {[%emt 0:00:33]} Rb5+ {[%emt 0:00:02]} 31. Ka1 {[%emt 0:00:31]} Rc5 {[%emt 0:00:44]} 32. Kb2 {[%emt 0:03:25]} Rb5+ {[%emt 0:00:03]} 33. Kc1 {[%emt 0:00:05]} Ra5 {[%emt 0:00:11]} 34. Re5 {[%emt 0:03:50]} Rxa2 {[%emt 0:00:18]} 35. Kb1 {[%emt 0:00:06]} Ra4 {[%emt 0:05:02]} 36. Rxh5 {[%emt 0:02:13]} Rc4 {[%emt 0:07:07]} 37. f5 {[%emt 0:03:01]} Rc7 {[%emt 0:01:25]} 38. Rh6+ {[%emt 0:02:34]} Kxf5 {[%emt 0:00:03]} 39. Rf1+ {[%emt 0:00:30]} Kg5 {[%emt 0:00:55]} 40. Rhf6 {[%emt 0:00:33]} Rexe7 {[%emt 0:01:15]} 41. R1f5+ {[%emt 0:00:11]} Kg4 {[%emt 0:00:01]} 42. Rf4+ {[%emt 0:00:13]} Kg5 {[%emt 0:00:27]} 43. R4f5+ {[%emt 0:00:05]} Kg4 {[%emt 0:00:15]} 44. Rf4+ {[%emt 0:00:05]} Kg5 {[%emt 0:00:03]} 45. R4f5+ {[%emt 0:00:03]} 1/2-1/2